000 01203cam a2200325Ma 4500
999 _c359
_d359
005 20180317154755.0
008 040109s2003 fr a b i000 0 fre d
020 _a9287153345
020 _a9789287153340
035 _a(OCoLC)55102119
043 _ae------
050 4 _aHV6626.5
082 1 _a362.760 19
_222
245 0 2 _aAbus sexuel des enfants en Europe /
_ccoordonné par Corinne May-Chahal et Maria Herczog.
260 _aStrasbourg :
_bÉditions du Conseil de l'Europe,
_cc2003.
300 _axi, 286 p. :
_bill.
500 _aPublié également en anglais sous le titre: Child sexual abuse in Europe.
650 6 _aViolence envers les enfants
_zEurope.
650 6 _aEnfants
_xDroits.
650 7 _aAspect juridique
_2rasuqam
_910747
650 7 _aEnfant victime d'abus sexuel
_2rasuqam
650 7 _aAbus sexuels à l'égard des enfants
_zEurope
_xCas, Études de.
_2ram
650 7 _aAbus sexuels à l'égard des enfants
_xPrévention
_zEurope.
_2ram
650 7 _aSévice sexuel chez l'enfant
_xEurope.
_2fmesh
651 7 _aEurope
_2rasuqam
700 1 _aMay-Chahal, Corinne.
700 1 _aHerczog, Maria.
740 0 _aChild sexual abuse in Europe. Français.
942 _2lcc
_cBOOK